07_福島県の市町村(ひらがな対応・五十音順) - Statistics

General Stats
  • This quiz has been taken 67 times
  • The average score is 50 of 59
Answer Stats
種類 市町村名 % Correct
会津若松市
100%
桑折町
100%
福島市
100%
会津坂下町
97%
いわき市
97%
郡山市
97%
白河市
97%
相馬市
97%
浪江町
97%
南会津町
97%
南相馬市
97%
会津美里町
94%
伊達市
94%
西会津町
94%
二本松市
94%
双葉町
94%
喜多方市
91%
須賀川市
91%
田村市
91%
本宮市
91%
猪苗代町
89%
大熊町
89%
北塩原村
89%
棚倉町
89%
石川町
86%
国見町
86%
只見町
86%
楢葉町
86%
西郷村
86%
磐梯町
86%
檜枝岐村
86%
矢吹町
86%
泉崎村
83%
大玉村
83%
下郷町
83%
昭和村
83%
新地町
83%
塙町
83%
三春町
83%
柳津町
83%
矢祭町
83%
飯舘村
80%
川俣町
80%
鮫川村
80%
小野町
77%
金山町
77%
天栄村
77%
富岡町
77%
広野町
77%
鏡石町
74%
中島村
74%
湯川村
74%
葛尾村
71%
玉川村
71%
平田村
71%
浅川町
69%
川内村
69%
三島町
69%
古殿町
66%
No matching quizzes found
Score Distribution
Percent of People with Each Score
Percentile by Number Answered
Your Score History
You have not taken this quiz